Israel thar (Record no. 8228)

MARC details
000 -LEADER
fixed length control field 00376nam a22001577a 4500
003 - CONTROL NUMBER IDENTIFIER
control field GBCCL
005 - DATE AND TIME OF LATEST TRANSACTION
control field 20241126110646.0
008 - FIXED-LENGTH DATA ELEMENTS--GENERAL INFORMATION
fixed length control field 190729b ||||| |||| 00| 0 eng d
040 ## - CATALOGING SOURCE
Transcribing agency GBC
082 ## - DEWEY DECIMAL CLASSIFICATION NUMBER
Classification number VER 956.95
Item number SAN
100 ## - MAIN ENTRY--PERSONAL NAME
Personal name Sangkhuma, Z.T.
9 (RLIN) 14328
245 ## - TITLE STATEMENT
Title Israel thar
260 ## - PUBLICATION, DISTRIBUTION, ETC.
Place of publication, distribution, etc. Aizawl:
Name of publisher, distributor, etc. Synod publication board,
Date of publication, distribution, etc. 1980.
300 ## - PHYSICAL DESCRIPTION
Extent 51p. ;
942 ## - ADDED ENTRY ELEMENTS (KOHA)
Source of classification or shelving scheme Dewey Decimal Classification
Koha item type Books
Holdings
Withdrawn status Lost status Source of classification or shelving scheme Damaged status Not for loan Home library Current Library Shelving location Date acquired Total checkouts Full call number Barcode Date last seen Copy number Price effective from Koha item type
    Dewey Decimal Classification     GRACE BIBLE COLLEGE GRACE BIBLE COLLEGE Vernacular 2019-07-29   VER 956.95 SAN 004455 2025-05-01 c.1 2019-07-29 Books
© Grace Bible College Library 2025